000 01637 a2200229 4500
001 13521
005 20260407155443.0
008 260407a1991 arg spa d
003 AR-UNSa-BCEJYS
040 _aAR-UNSa-BCEJYS
_bspa
_cAR-UNSa-BCEJYS
080 _a912
_xPresentación de una región de forma distinta a la literaria o textual. Dibujos, fotografías, grabados, diagramas, perfiles, mapas, cartogramas, atlas, globos (como expresiones de conocimiento geográfico)
245 1 0 _aAntiguedades de la región andina de la República Argentina y del desierto de Atacama
020 _a950-721-019-9
264 1 _aSan Salvador de Jujuy :
_bUniversidad Nacional de Jujuy
_c1991
300 _a2 v.
_c26 cm.
505 _aVolumen 1: 1. Mapa étnico de la región andina de América del Sur entre los 22º y 33º de la latitud sur, en el siglo XVI - 2. Antigüedades de la región diaguita llamada"región calchaqui"- 3. Lapaya (valle calchaquí) - 4. Valle de Lerma - 5. Quebrada del Toro - Volumen 2:1. La puna y sus habitantes actuales - 2. Fabricación de alfarería moderna - 3. Folklore de la Puna - 4. Arqueología de la Puna de Jujuy, del desierto de Atacama y de la Quebrada de Humahuaca - 5. Región extra-andina de la provincia de Jujuy - 6. Análisis químico de objetos prehispánicos de metal.
942 _cBK
590 _aniveau_biblio:m niveau_hierar:0
100 1 _aBoman, Eric
700 1 _aGomez Rubio, Delia
856 4 1 _uhttps://biblioeco.unsa.edu.ar/pmb/images/libros/Antiguedades de la regi?n andina de la Rep?blica Argentina y del desierto de Atacama Boman, Eric (1991).jpg
_yImagen de portada
_qimage/jpeg
999 _c525
_d525